Strategies to Strengthen Verbal Communication Competence in English for efl Students at DuyTan University /

Đã lưu trong:
书目详细资料
主要作者: Nguyễn Thị Thu Trang
其他作者: Tran Quang Hai Ph.D huong dan
格式: Luận văn
语言:English
出版: 2008.
主题:
标签: 添加标签
没有标签, 成为第一个标记此记录!
Thư viện lưu trữ: Mạng thư viện Đại học Đà Nẵng
LEADER 01314na a2200349 4500
001 000030924
003 4963
005 20221206160431.0
008 151001s2008 000 eng
040 |a LNN 
041 |a ENG 
082 |a 420.4  |b NG-T 
100 |a Nguyễn Thị Thu Trang 
245 0 |a Strategies to Strengthen Verbal Communication Competence in English for efl Students at DuyTan University /  |c Nguyễn Thị Thu Trang. 
260 |c 2008. 
300 |a 80tr. : mh ; 30cm. 
502 |a M.A.Thesis in the english language 
650 |a Strategies to Strengthen Verbal Communication Competence in English for efl Students at DuyTan University, 2008 
700 |a Tran Quang Hai  |b Ph.D  |c huong dan 
852 |c Luận văn Thạc sĩ 
OWN |a LNN 
AVA |a UDN50  |b LNN  |c English  |d 420.4 NG-T  |e available  |t Error 5001 Not defined in file expand_doc_bib_avail.  |f 1  |g 0  |h N  |i 0  |j AN  |k 1 
999 |a From the UDN01 
AVA |a UDN50  |b LNN  |c English  |d 420.4 NG-T  |e available  |t Error 5001 Not defined in file expand_doc_bib_avail.  |f 1  |g 0  |h N  |i 0  |j AN  |k 1 
TYP |a Dissertation 
TYP |a Printed language 
980 |a Mạng thư viện Đại học Đà Nẵng